000 00539nam a2200205Ia 4500
005 20250508154411.0
008 008 250505s9999 xx 000 0 eng d
037 _aTextual
040 _aFEDL
_beng
_cFEDL
041 _aeng
_2eng
084 _a540.7, NEW
_qFEDL
100 _aNewbury N F
_9758808
245 0 _aTeaching of chemistry
250 _a3
260 _aLondon, UK
_bHeinemann Educational Book Ltd
_c1965
300 _a302p.
365 _aINR
_b24
942 _cTEXL
_h540.7, NEW
999 _c1349953
_d1349953